New era (Record no. 152993)

MARC details
000 -LEADER
campo de control de longitud fija 00902nam a22002295i 4500
001 - NÚMERO DE CONTROL
campo de control 152993
003 - IDENTIFICADOR DE NÚMERO DE CONTROL
campo de control ES-MaACL
005 - FECHA Y HORA DE LA ÚLTIMA TRANSACCIÓN
campo de control 20230906204952.0
008 - DATOS DE LONGITUD FIJA--INFORMACIÓN GENERAL
campo de control de longitud fija 040930q18981900xxuace |||| | eng d
040 ## - FUENTE DE CATALOGACIÓN
Centro catalogador/agencia de origen CAM
Lengua de catalogación spa
Centro/agencia transcriptor CAM
100 1# - ENTRADA PRINCIPAL--NOMBRE DE PERSONA
Nombre de persona Caryl, Charles W.
9 (RLIN) 126364
245 10 - MENCIÓN DEL TÍTULO
Título New era
Resto del título : presenting the plans for the New Era Union to help develop and utilize the best resources of this Country...
260 ## - PUBLICACIÓN, DISTRIBUCIÓN, ETC.
Lugar de publicación, distribución, etc. Denver :
Nombre del editor, distribuidor, etc. Office 204 California Building,
Fecha de publicación, distribución, etc. [s.a.]
300 ## - DESCRIPCIÓN FÍSICA
Extensión 192 p., [1] h. fot., [2] h. plan. plegs. ;
Dimensiones 23 cm.
594 ## - Nota al título y mención de responsabilidad
Nota al título y mención de responsabilidad Autor tomado del cop. en el v. port.
596 ## - NOTA AL PIE DE IMPRENTA
NOTA AL PIE DE IMPRENTA En el texto consta 1898.
599 ## - NOTA A LAS ILUSTRACIONES
NOTA A LAS ILUSTRACIONES La fot., retrato del autor.
650 #4 - PUNTO DE ACCESO ADICIONAL DE MATERIA--TÉRMINO DE MATERIA
Término de materia o nombre geográfico como elemento de entrada Urbanismo-
Subdivisión geográfica Estados Unidos de América.
9 (RLIN) 221966
752 ## - ENTRADA AGREGADA--NOMBRE JERÁRQUICO DEL LUGAR
País o entidad superior Estados Unidos de América -
Jurisdicción política de primer nivel Colorado -
Jurisdicción política intermedia Denver
852 ## - LOCALIZACIÓN
Ubicación ES-MaACL
Número de control de estantería G-11482
Nota libre -- Enc. tela con el tít. en hierros dorados
Holdings
Estatus retirado Estado de pérdida Estado de daño No para préstamo Biblioteca de origen Biblioteca actual Ubicación en estantería Fecha de adquisición Fuente de adquisición Total de préstamos Signatura topográfica completa Código de barras Visto por última vez Precio de reemplazo Tipo de ítem Koha
        Biblioteca del Ateneo de Madrid Biblioteca del Ateneo de Madrid Sala Pecera Planta 3 17/01/2008     G-11482 1159828 23/02/2023 23/02/2023 Libro impreso